000 00801nam a22002657a 4500
003 OSt
005 20260530115318.0
008 260508b1997 mx a|||| |||| 00| 0 spa d
040 _aICI
_bspa
_cICI
_erda
041 _aspa
050 _aBD161
_bS84 1996
100 _aRodríguez de Longoria, Josefina,
_eautor
245 _aEl sueño del saber /
_cJosefina Rodríguez de Longoria
264 _aMéxico :
_bEdiciones Castillo,
_c1995
300 _a90 páginas :
_bilustraciones
336 _2rdacontent
_atexto
337 _2rdamedia
_asin medio
338 _2rdacarrier
_avolumen
650 4 _aConocimiento
_934015
650 4 _aFilosofía del conocimiento
_934016
650 4 _aEducación
_924402
650 4 _aAprendizaje
_934017
650 4 _aDesarrollo intelectual
_934018
942 _2lcc
_cBK
_n1
999 _c13670
_d13670